000 00520cam a2200217ua 4500
001 10779
005 20260515114648.0
008 190403n ii |||gr||||Z||||||asm
020 _a9788192125725
040 _cMAIN
041 _aasm
082 _a891.4518
100 _aAkhil Gogoi,
_eAuthor.
245 _aGana sangramar dinlipi
_cBy Akhil Gogoi
250 _a3rd ed.
260 _aGuwahati:
_bAkhar prakash,
_c2014.
300 _a240p.
653 _aKMSS
653 _aKrishak mukti sangram samiti
942 _cBK
999 _c9731
_d9731